000 00398nam a22001217a 4500
020 _a87762-525-5
082 _a667.9 ELE'P
100 _aPATSIS, ANGELOS V
_967106
245 _aELEVENTH INTERNATIONAL CONFERENCE IN ORGANIC COATINGS SCIENCE AND TECHNOLOGY, ADVANCES IN ORGANIC COATINGS SCIENCE AND TECHNOLOGY SERIES
250 _aVOL-9,13, 12, 11
260 _aBASEL
_bTECHNOMIC
_c1987
942 _cBK
999 _c574955
_d574955